Normal view
MARC view
- Sikha, Gernail Singh
Entry Personal Name
001 - CONTROL NUMBER
- control field: 15009
003 - CONTROL NUMBER IDENTIFIER
- control field: NUST
005 - DATE AND TIME OF LATEST TRANSACTION
- control field: 20190618100357.0
008 - FIXED-LENGTH DATA ELEMENTS
- fixed length control field: 190618|| aca||aabn | a|a d
040 ## - CATALOGING SOURCE
- Original cataloging agency: NUST
- Transcribing agency: NUST
100 ## - HEADING--PERSONAL NAME
- Personal name: Sikha, Gernail Singh
670 ## - SOURCE DATA FOUND
- Source citation: Work cat.: (NUST): Sikha, Gernail Singh, Vancouver sy Lyail pur tak /, 2009.
